Music Quiz

Random Music or Song Quiz

Elliot Minor Songs Quiz Stats

Quiz not verified by Sporcle

Challenge
Share
Tweet
Embed
Score 0/23 Timer 10:00
0 Plays Today
Album Song % Correct
Elliot MinorParallel Worlds
90.7%
SolarisSolaris
90.7%
Elliot MinorJessica
88.4%
Elliot MinorThe White One is Evil
88.4%
Elliot MinorStill Figuring Out
86%
Elliot MinorTime After Time
86%
SolarisElectric High
81.4%
Elliot MinorSilently
81.4%
Elliot MinorThe Broken Minor
79.1%
Elliot MinorLast Call to New York City
76.7%
Elliot MinorLucky Star
76.7%
SolarisI Believe
74.4%
Album Song % Correct
Elliot MinorRunning Away
72.1%
SolarisThe Dancer
67.4%
Elliot MinorThe Liar is You
67.4%
SolarisDiscover (Why the Love Hurts)
67.4%
SolarisCarry On
67.4%
SolarisComing Home
65.1%
SolarisBetter than the Courtroom
65.1%
SolarisAll Along
65.1%
SolarisShiver
62.8%
SolarisTethered
62.8%
SolarisLet's Turn This Back Around
58.1%

You're not logged in!

Compare scores with friends on all Sporcle quizzes.
Sign Up with Email
OR
Log In

You Might Also Like...

Show Comments

Extras

Top Quizzes Today


Score Distribution

Your Account Isn't Verified!

In order to create a playlist on Sporcle, you need to verify the email address you used during registration. Go to your Sporcle Settings to finish the process.